| 000 | 00613nam a22001937a 4500 | ||
|---|---|---|---|
| 005 | 20140425104549.0 | ||
| 010 | _aENG-109583 | ||
| 020 |
_a9788120349148 _c895.00 |
||
| 035 | _aEN-93116 | ||
| 037 | _bDBAD/PUB | ||
| 082 | _a005.4476 | ||
| 100 | _aThomas, Orin | ||
| 245 |
_aTraining guide : _cby Orin Thomas _bconfiguring advanced Windows Server 2012 services / |
||
| 260 |
_aDelhi _bPHI Learning _c2014 |
||
| 270 |
_aRimjhim House, 111, Patparganj Industrial Estate _bDelhi _e110092 |
||
| 300 |
_axxv,806p. : _c25cm(pbk) _bill. |
||
| 500 | _aIncludes index | ||
| 942 |
_2ddc _cEN _mTHO _h005.4476 |
||
| 999 |
_c83088 _d83088 |
||